一駅あたりの人口TOP20・ワースト20-東北- - Statistics

General Stats
  • This quiz has been taken 14 times
  • The average score is 23 of 40
Answer Stats
人口/駅数 自治体名 % Correct
24312.08 秋田市
100%
20267.7 仙台市
100%
22341.5 いわき市
93%
42871 岩沼市
86%
28714.91 郡山市
86%
54572 気仙沼市
79%
21581.09 山形市
79%
18527 白河市
79%
15801.4 名取市
79%
21285 西郷村
71%
18395 酒田市
71%
16082.5 相馬市
71%
1140 只見町
71%
1552.63 南会津町
71%
1240.25 西会津町
64%
23769.33 須賀川市
57%
16454.67 二本松市
57%
232.43 金山町
57%
1516.25 小国町
57%
2402.6 猪苗代町
57%
23135 大河原町
50%
734.5 下郷町
50%
1193.75 矢祭町
50%
1535.75 真室川町
50%
1942 飯豊町
50%
20905 浪江町
43%
19218 栗原市
43%
987.71 最上町
43%
1196 戸沢村
43%
1196.91 北秋田市
43%
1536.14 仙北市
43%
20476 高畠町
36%
16706 矢吹町
36%
15973 三春町
36%
299.5 三島町
36%
872.67 柳津町
36%
1753 松島町
36%
2566.67 楢葉町
36%
933.67 八峰町
21%
1459 舟形町
7%
No matching quizzes found
Score Distribution
Percent of People with Each Score
Percentile by Number Answered
Your Score History
You have not taken this quiz